00719nam a22001695i 4500001000700000003000900007005001700016008004100033040003000074080002100104100003600125245009200161260007900253300002800332852009000360852009900450164867ES-MaACL20230906213025.0990310s1886 sp |||| | spa d aCCPB | B bspa cCCPB | B a821.134.2-31"18"1 aSbarbi y Osuna, José María.10aDoña Lucía b: novela histórica o historia novelesca / c[José María Sbarbi]. aMadrid : b[s.n.], c1886 (fImprenta de la viuda é hija de Fuentenebro) aXXII, 246 p. ; c18 cm. aES-MaACLjL-4899(6-2) z-- Enc. hol., conservando la cub. original z.- Donativo Roda aES-MaACLjT-598-F-2 z-- Enc. hol., conservando la cub. original z-- Enc. en un vol. facticio